INTERIOR DESIGN VISUAL PRESENTATION (Record no. 32143)

MARC details
000 -LEADER
fixed length control field 00314nam a22001457a 4500
003 - CONTROL NUMBER IDENTIFIER
control field SGT
020 ## - INTERNATIONAL STANDARD BOOK NUMBER
International Standard Book Number 9781119312529
082 ## - DEWEY DECIMAL CLASSIFICATION NUMBER
Classification number 729
Item number MIT
100 ## - MAIN ENTRY--PERSONAL NAME
Personal name MITTON MAUREEN
245 ## - TITLE STATEMENT
Title INTERIOR DESIGN VISUAL PRESENTATION
250 ## - EDITION STATEMENT
Edition statement 5TH
260 ## - PUBLICATION, DISTRIBUTION, ETC. (IMPRINT)
Place of publication, distribution, etc USA
Name of publisher, distributor, etc WIELY PUB
Year of Publication 2018
300 ## - PAGE DESCRIPTION
No. of Pages 320
942 ## - ADDED ENTRY ELEMENTS (KOHA)
Source of classification or shelving scheme Dewey Decimal Classification
Koha item type Books
Holdings
Withdrawn status Lost status Source of classification or shelving scheme Damaged status Not for loan Home library Current library Shelving location Date acquired Vendor Name Cost, normal purchase price SGTU Bill Number Total Checkouts Full call number Accession No. (Barcode) Date last seen Bill Date Koha item type
    Dewey Decimal Classification   Not For Loan SGT Science & Social Sciences Library SGT Science & Social Sciences Library Text Book 21/07/2025 BRIJWASI BOOK DISTRIBUTORS DELHI 5400.00 SGTU BW/000218   729 MIT FF834 21/07/2025 30/06/2025 Books